000 00647nam a22001577a 4500
008 170428b xxu||||| |||| 00| 0 eng d
082 _22016
_aUT 0775
_bD29
100 _920590
_aDavis, Shye F.
245 _aEffectiveness of Peace and Order in Barangay Zone I, Jumao-as Digos City Based in time Performance of Barangay Officials S.Y. 2014-2015.
_cShye F. Davis, Marsan E. Cabardilla and Francis Lyn M. Cariaga.
300 _a48 pages;
_b29 cm.
650 0 _920591
_aCriminology
_xUndergraduate Thesis.
700 _920592
_aDavis, Shye F.
700 _920593
_aCabardilla, Marsan Lyn M.
700 _920594
_aCariaga, Francis Lyn M.
942 _2ddc
_cUT
999 _c6796
_d6796